000
00335nam a2200133Ia 4500
008
240624s9999 xx 000 0 und d
041
_a
eng
082
_a
658.3 ULR
100
_a
BROCKBANK WAYNE
245
_a
HR VALUE PROPOSITION
260
_c
2005
_a
New Delhi
_b
Harvard Business School Publishing
300
_a
336 : p.
365
_c
RS
999
_c
21088
_d
21088